|
|
|
|
| LEADER |
01371nam a22003137a 4500 |
| 001 |
33200 |
| 003 |
BD-DhAAL |
| 005 |
20211108131255.0 |
| 008 |
180625t2015 uc a|||| |||| 001 0 eng d |
| 999 |
|
|
|c 39297
|d 39297
|
| 020 |
|
|
|a 9781522792147
|
| 040 |
|
|
|a BD-DhAAL
|
| 082 |
|
|
|a 005.2762
|
| 100 |
|
|
|a Forbes, Alan
|9 26277
|
| 245 |
|
|
|a The joy of PHP :
|b a beginner's guide to programming interactive Web applications with PHP and mySQL /
|c Alan Forbes
|
| 250 |
|
|
|a 3rd edition
|
| 260 |
|
|
|b Create Space[United States] :
|a Independent Publishing Platform,
|c c2015
|
| 300 |
|
|
|a 182 pages :
|b illustrations ;
|c 23 cm.
|
| 500 |
|
|
|a includes index.
|
| 526 |
|
|
|a CSE
|
| 541 |
|
|
|a Trim Education
|e 33200, 33201
|
| 650 |
|
|
|a PHP (Computer program language)
|9 26278
|
| 650 |
|
|
|a Web sites -- Design
|9 26279
|
| 650 |
|
|
|a SQL (Computer program language)
|9 26280
|
| 650 |
|
|
|a Computer science
|9 42442
|
| 852 |
|
|
|a Ayesha Abed Library
|c General Stacks
|
| 942 |
|
|
|2 ddc
|c BK
|
| 952 |
|
|
|0 0
|1 0
|2 ddc
|4 0
|6 005_276200000000000_FOR
|7 0
|9 63513
|a BRACUL
|b BRACUL
|c GEN
|d 2018-06-07
|e Trim Education
|g 3475.00
|l 4
|m 55
|o 005.2762 FOR
|p 3010033201
|r 2023-09-03
|s 2023-08-07
|t 2
|v 3475.00
|w 2018-06-07
|y BK
|
| 952 |
|
|
|0 0
|1 0
|2 ddc
|4 0
|6 005_276200000000000_FOR
|7 0
|9 63514
|a BRACUL
|b BRACUL
|c GEN
|d 2018-06-07
|e Trim Education
|g 3475.00
|l 7
|m 45
|o 005.2762 FOR
|p 3010033200
|r 2024-10-24
|s 2024-09-02
|t 1
|v 3475.00
|w 2018-06-07
|y BK
|